Statistics for Countries Which Have Their Names In Their Capital City

Click here to take the quiz!

General Stats

  • This quiz has been taken 89 times
    (36 since last reset)
  • The average score is 9 of 12

Answer Stats

HintCapital City% Correct
VVatican City
94%
GGuatemala City
91%
MMonaco
91%
MMexico City
88%
KKuwait City
85%
PPanama City
82%
DDjibouti
79%
SSan Marino
79%
AAndorra La Vella
73%
LLuxembourg
73%
SSingapore
70%
SSao Tome
36%

Score Distribution

Percentile by Number Answered

Percent of People with Each Score

Your Score History

You have not taken this quiz since the last reset